[Event "SVM Verbandsliga West 2023-24"]
[Site "?"]
[Date "2024.02.04"]
[Round "6.3"]
[White "Voulon, Oliver"]
[Black "Freer, Glenn"]
[Result "1/2-1/2"]
[WhiteElo "1950"]
[BlackElo "1899"]
[PlyCount "126"]
[EventDate "2023.09.03"]
[EventType "team-tourn"]
[EventRounds "9"]
[EventCountry "GER"]
[WhiteTeam "SV Lendersdorf 1"]
[BlackTeam "SG Kohlscheid 1"]

1. d4 Nf6 2. Nf3 g6 3. g3 Bg7 4. Bg2 O-O 5. O-O d6 6. c4 Nbd7 7. Nc3 c5 8. d5 a6 9. a4 Rb8 10. Qc2 Ne8 11. Ra2 Nc7 12. a5 b5 13. axb6 Rxb6 14. h4 Nf6 15. e4 e5 16. Bg5 h6 17. Bd2 Kh7 18. Ne1 Qe7 19. Nd3 Nh5 20. Ne2 Rb8 21. b4 Nf6 22. bxc5 dxc5 23. Ra5 Nd7 24. Be3 Qd8 25. Rfa1 f5 26. Nxc5 f4 27. Nxd7 Qxd7 28. Bc5 Rf7 29. f3 fxg3 30. Nxg3 Qd8 31. h5 gxh5 32. Nxh5 Qg5 33. Nxg7 Rxg7 34. Kf1 Ne8 35. R5a2 Nf6 36. Qd2 Qg6 37. Be3 Nh5 38. Ke1 Qg3+ 39. Qf2 Qh2 40. Bf1 Qh1 41. Kd2 Rbb7 42. Kc3 Rbf7 43. Be2 Qh3 44. Rg1 Ng3 {(=)} 45. Bd3 Nh5 46. Rxg7+ Nxg7 47. Be2 Nh5 48. c5 Ng3 49. Bd3 Nh5 50. Qh2 Rxf3 51. Qxh3 Rxh3 52. c6 Rxe3 53. d6 Nf4 54. Rd2 Kg7 55. d7 Bxd7 56. cxd7 Ne6 57. Kb4 Kf6 58. Bc2 Ke7 59. Rd5 Kd8 60. Rxe5 Kxd7 61. Ba4+ Kd6 62. Rd5+ Ke7 63. Rd7+ Kf6 1/2-1/2

[Event "SVM Verbandsliga West 2023-24"]
[Site "?"]
[Date "2024.02.04"]
[Round "6.4"]
[White "Kunstek, Walter"]
[Black "Hinz, Holger"]
[Result "0-1"]
[WhiteElo "1850"]
[BlackElo "1939"]
[PlyCount "80"]
[EventDate "2023.09.03"]
[EventType "team-tourn"]
[EventRounds "9"]
[EventCountry "GER"]
[WhiteTeam "SG Kohlscheid 1"]
[BlackTeam "SV Lendersdorf 1"]

1. e4 e6 2. d4 d5 3. e5 c5 4. c3 Qb6 5. Nf3 Nc6 6. Bd3 cxd4 7. cxd4 Bd7 8. O-O Nxd4 9. Nxd4 Qxd4 10. Nc3 a6 11. Kh1 Ne7 12. f4 Nc6 13. Qe2 Bc5 14. Bd2 Ba7 15. Rad1 g6 16. Bc1 Qb6 17. Qe1 Qd8 18. Bb1 Rc8 19. Rf3 Ne7 20. Rh3 b5 21. Bd2 b4 22. Ne2 a5 23. a3 Bb5 24. axb4 a4 25. Nc3 Qd7 26. Qh4 h5 27. Qe1 Qb7 28. Nxb5 Qxb5 29. Bd3 Qb7 30. b5 d4 31. Ra1 Nd5 32. Rxa4 Ne3 33. Bxe3 dxe3 34. Be4 Qc7 35. Bc6+ Kf8 36. Qh4 Rd8 37. Qe1 Qb6 38. g4 e2 39. Ra1 Qf2 40. Rf3 Qxe1+ 0-1

[Event "SVM Verbandsliga West 2023-24"]
[Site "?"]
[Date "2024.02.04"]
[Round "6.5"]
[White "Flatten, Arnold"]
[Black "Orlowski, Julius"]
[Result "1-0"]
[WhiteElo "2044"]
[BlackElo "1806"]
[PlyCount "109"]
[EventDate "2023.09.03"]
[EventType "team-tourn"]
[EventRounds "9"]
[EventCountry "GER"]
[WhiteTeam "SV Lendersdorf 1"]
[BlackTeam "SG Kohlscheid 1"]

1. e4 e5 2. Nf3 Nc6 3. Nc3 Nf6 4. Bb5 a6 5. Bxc6 dxc6 6. Nxe5 c5 7. d3 Bd6 8. Nc4 O-O 9. Bg5 b5 10. Nxd6 Qxd6 11. Qf3 Bb7 12. Bxf6 Qxf6 13. Qxf6 gxf6 14. f3 h5 15. Kf2 Rad8 16. Rad1 Rd6 17. Ne2 Kh7 18. Ng3 Kg6 19. Nf5 Rdd8 20. Rhg1 Bc8 21. Ne7+ Kh6 22. Nd5 Rd6 23. Nxc7 f5 24. Nd5 fxe4 25. dxe4 Rfd8 26. Ne3 Rd2+ 27. Rxd2 Rxd2+ 28. Ke1 Rd8 29. Ke2 Be6 30. a3 h4 31. Rd1 Rb8 32. Rd6 a5 33. Rc6 c4 34. Nf5+ Kg5 35. Nd4 Bd7 36. Rd6 Rb7 37. Ke3 b4 38. Rd5+ Kg6 39. Rxa5 c3 40. b3 bxa3 41. Rxa3 Bb5 42. Nxb5 Rxb5 43. Ra6+ Kg5 44. f4+ Kg4 45. Rf6 Rb7 46. Rf5 f6 47. Rxf6 Kh5 48. Rf5+ Kh6 49. Rc5 Rg7 50. Kf3 h3 51. g4 Rd7 52. Rxc3 Rd2 53. Kg3 Re2 54. e5 Re4 55. Rf3 1-0

[Event "SVM Verbandsliga West 2023-24"]
[Site "?"]
[Date "2024.02.04"]
[Round "6.6"]
[White "Fainberg, Jakob"]
[Black "Grünich, Andreas"]
[Result "1/2-1/2"]
[WhiteElo "1774"]
[BlackElo "1826"]
[PlyCount "65"]
[EventDate "2023.09.03"]
[EventType "team-tourn"]
[EventRounds "9"]
[EventCountry "GER"]
[WhiteTeam "SG Kohlscheid 1"]
[BlackTeam "SV Lendersdorf 1"]

1. d4 d5 2. c4 c6 3. b3 Nf6 4. e3 g6 5. Bd3 Bg7 6. Ne2 O-O 7. O-O Nbd7 8. Bb2 Re8 9. Nbc3 a6 10. cxd5 cxd5 11. Rc1 b5 12. e4 dxe4 13. Nxe4 Bb7 14. f3 Nd5 15. Qd2 Rc8 16. Rxc8 Qxc8 17. Rc1 Qb8 18. Nc5 Nxc5 19. Rxc5 Rc8 20. b4 e6 21. a3 Bf8 22. Rc1 Bd6 23. g3 Rxc1+ 24. Bxc1 Qc7 25. Qc2 Qxc2 26. Bxc2 Kf8 27. Kf2 Ke7 28. Bd2 h5 29. Nc1 Nb6 30. Nb3 Nc4 31. Bc1 Bc8 32. Nc5 e5 33. d5 1/2-1/2

[Event "SVM Verbandsliga West 2023-24"]
[Site "?"]
[Date "2024.02.04"]
[Round "6.7"]
[White "Liebe, Uwe"]
[Black "Stakenburg, Alexander"]
[Result "0-1"]
[WhiteElo "1786"]
[BlackElo "1743"]
[PlyCount "66"]
[EventDate "2023.09.03"]
[EventType "team-tourn"]
[EventRounds "9"]
[EventCountry "GER"]
[WhiteTeam "SV Lendersdorf 1"]
[BlackTeam "SG Kohlscheid 1"]

1. e4 c6 2. d4 d5 3. Nc3 dxe4 4. Nxe4 Nf6 5. Ng3 g6 6. c3 Bg7 7. h3 O-O 8. Nf3 c5 9. dxc5 Qxd1+ 10. Kxd1 Nd5 11. Kc2 a5 12. Bc4 Nc7 13. Bf4 Ne6 14. Bxe6 Bxe6 15. Nd4 Bd5 16. Rhe1 Bxg2 17. Rxe7 Bxh3 18. Rxb7 Na6 19. Bd6 Rfc8 20. Rb5 Bd7 21. Rb7 Bh3 22. Re1 Nxc5 23. Bxc5 Rxc5 24. Nb3 Re5 25. Rxe5 Bxe5 26. Rb5 Bc7 27. Rb7 Bd6 28. Rb6 Bc7 29. Rb7 {(=)} Bd8 30. Nd4 h5 31. Kb3 h4 32. Nge2 Bg2 33. f3 h3 0-1

[Event "SVM Verbandsliga West 2023-24"]
[Site "?"]
[Date "2024.02.04"]
[Round "6.8"]
[White "Langen, Ralf"]
[Black "Diel, Alexander"]
[Result "1-0"]
[WhiteElo "1694"]
[BlackElo "1793"]
[PlyCount "115"]
[EventDate "2023.09.03"]
[EventType "team-tourn"]
[EventRounds "9"]
[EventCountry "GER"]
[WhiteTeam "SG Kohlscheid 1"]
[BlackTeam "SV Lendersdorf 1"]

1. d4 d5 2. Nf3 Nf6 3. e3 e6 4. Bd3 Be7 5. O-O O-O 6. Nbd2 Nbd7 7. e4 dxe4 8. Nxe4 Nxe4 9. Bxe4 Nf6 10. Bd3 b6 11. Bf4 Bb7 12. c3 c5 13. Qe2 cxd4 14. Nxd4 Bc5 15. Nf3 Qd5 16. Rfd1 Qh5 17. Ne5 Qxe2 18. Bxe2 Ne4 19. Bg3 Nxg3 20. hxg3 Rfd8 21. Bf3 Bxf3 22. gxf3 Rac8 23. f4 {(=)} f6 24. Nf3 h5 25. Kf1 Kf7 26. Ke2 a5 27. Nh4 f5 28. Ng2 Kf6 29. Ne3 b5 30. Rxd8 Rxd8 31. Rd1 Rxd1 32. Kxd1 g5 33. fxg5+ Kxg5 34. f4+ Kf6 35. Ke2 Bxe3 36. Kxe3 e5 37. fxe5+ Kxe5 38. b3 f4+ 39. gxf4+ Kf5 40. Kf3 h4 41. c4 bxc4 42. bxc4 h3 43. c5 Ke6 44. Kg3 h2 45. Kxh2 Kd5 46. Kg3 Kxc5 47. Kg4 Kd6 48. a4 Ke6 49. Kg5 Kf7 50. Kf5 Kf8 51. Ke5 Ke7 52. Kd5 Kf6 53. Kc5 Kf5 54. Kb5 Kxf4 55. Kxa5 Ke5 56. Kb6 Kd6 57. a5 Kd7 58. a6 1-0

[Event "SVM Verbandsliga West 2023-24"]
[Site "?"]
[Date "2024.02.04"]
[Round "6.1"]
[White "Whitmire, James David"]
[Black "Vogel, Heike"]
[Result "1-0"]
[WhiteElo "1968"]
[BlackElo "1996"]
[PlyCount "61"]
[EventDate "2023.09.03"]
[EventType "team-tourn"]
[EventRounds "9"]
[EventCountry "GER"]
[WhiteTeam "PTSV Aachen 1"]
[BlackTeam "SK Kerpen 1"]

1. b3 e5 2. Bb2 Nc6 3. e3 d5 4. Bb5 Bd6 5. f4 Qe7 6. fxe5 Bxe5 7. Nc3 Qh4+ 8. Kf1 Bg4 9. Be2 Nf6 10. Nf3 Qh5 11. Nxe5 Nxe5 12. Nb5 Ne4 13. Nxc7+ Kd8 14. Nxd5 Re8 15. Nf4 Ng3+ 16. hxg3 Qxh1+ 17. Kf2 Qxd1 18. Rxd1 Bxe2 19. Kxe2 Rc8 20. c4 Rc6 21. Bxe5 Rxe5 22. d4 Rg5 23. Kf3 Rf6 24. e4 Ra5 25. e5 Rfa6 26. a4 Rb6 27. Rd3 Kd7 28. Ke4 Rh6 29. Rf3 Rh1 30. Nd3 f6 31. b4 1-0

[Event "SVM Verbandsliga West 2023-24"]
[Site "?"]
[Date "2024.02.04"]
[Round "6.2"]
[White "Schauff, Lutz"]
[Black "Esser, Thomas"]
[Result "1/2-1/2"]
[WhiteElo "1974"]
[BlackElo "2089"]
[PlyCount "27"]
[EventDate "2023.09.03"]
[EventType "team-tourn"]
[EventRounds "9"]
[EventCountry "GER"]
[WhiteTeam "SK Kerpen 1"]
[BlackTeam "PTSV Aachen 1"]

1. d4 Nf6 2. Nf3 g6 3. c4 Bg7 4. Nc3 d5 5. e3 O-O 6. Be2 c5 7. dxc5 Qa5 8. O-O dxc4 9. Bxc4 Qxc5 10. Bb3 b6 11. e4 e6 12. Be3 Qe7 13. Re1 Bb7 14. Bf4 {(=)} 1/2-1/2

[Event "SVM Verbandsliga West 2023-24"]
[Site "?"]
[Date "2024.02.04"]
[Round "6.3"]
[White "Brüggemann, Frank"]
[Black "Schmitz, Rolf"]
[Result "1/2-1/2"]
[WhiteElo "2003"]
[BlackElo "1955"]
[PlyCount "110"]
[EventDate "2023.09.03"]
[EventType "team-tourn"]
[EventRounds "9"]
[EventCountry "GER"]
[WhiteTeam "PTSV Aachen 1"]
[BlackTeam "SK Kerpen 1"]

1. e4 c5 2. c3 e6 3. d3 Nc6 4. Nf3 Qc7 5. g3 d5 6. Bg2 Nf6 7. Nbd2 b6 8. O-O Ba6 9. exd5 Nxd5 10. Nc4 Rd8 11. Qe2 Be7 12. Rd1 O-O 13. Nfe5 Nxe5 14. Nxe5 Bf6 15. Ng4 Be7 16. Qc2 Rd7 17. Qa4 Bb7 18. c4 Nb4 19. Bf4 Bd6 20. Ne5 Bxe5 21. Bxe5 Bc6 22. Bxc6 Qxc6 23. Qb3 Rfd8 24. d4 f6 25. d5 exd5 26. Bc3 Na6 27. cxd5 Rxd5 28. Re1 c4 29. Qa3 b5 30. Qe7 R5d7 31. Qe6+ Qxe6 32. Rxe6 Rd6 33. Rxd6 Rxd6 34. a3 Rd3 35. Kf1 Nc5 36. Re1 Na4 37. Re7 Nxc3 38. bxc3 Rxc3 39. Rxa7 Rc2 40. Rb7 Rb2 41. Rc7 Rb3 42. a4 Rb1+ 43. Ke2 bxa4 44. Rxc4 a3 45. Ra4 Rb2+ 46. Ke3 a2 47. Ra7 h5 48. h4 Kh7 49. f3 Kh6 50. Kf4 g5+ 51. Kf5 gxh4 52. gxh4 Rh2 53. f4 Rxh4 54. Rxa2 Rg4 55. Rh2 Kg7 {(=)} 1/2-1/2

[Event "SVM Verbandsliga West 2023-24"]
[Site "?"]
[Date "2024.02.04"]
[Round "6.4"]
[White "Jakubczyk, Dietmar"]
[Black "Müller, Norbert"]
[Result "1-0"]
[WhiteElo "1795"]
[BlackElo "2051"]
[PlyCount "95"]
[EventDate "2023.09.03"]
[EventType "team-tourn"]
[EventRounds "9"]
[EventCountry "GER"]
[WhiteTeam "SK Kerpen 1"]
[BlackTeam "PTSV Aachen 1"]

1. Nf3 c5 2. e3 a6 3. c4 b6 4. g3 Bb7 5. Bg2 e6 6. b3 Nf6 7. Bb2 Be7 8. O-O O-O 9. Nc3 Ne4 10. d3 Nxc3 11. Bxc3 Bf6 12. Qc2 Nc6 13. a3 d5 14. cxd5 exd5 15. d4 cxd4 16. exd4 Re8 17. Rfe1 Qd7 18. Qd2 Rxe1+ 19. Rxe1 Re8 20. Re2 Rxe2 21. Qxe2 Qe7 22. Qb2 Qd7 23. Ne5 Nxe5 24. dxe5 Be7 25. Bd4 Qc6 26. b4 Bc8 27. Qc3 Qxc3 28. Bxc3 Bb7 29. Bd4 b5 30. f4 f6 31. e6 Kf8 32. f5 a5 33. Bc3 d4 34. Bd2 Bxg2 35. Kxg2 g6 36. g4 Bd6 37. h3 Ke7 38. Kf3 a4 39. Ke4 Be5 40. Kd3 gxf5 41. gxf5 Bb8 42. Bc1 Bc7 43. Bb2 Bf4 44. Bxd4 Bc1 45. Kc2 Bxa3 46. Bc3 Ke8 47. Bd2 Ke7 48. Kb1 1-0

[Event "SVM Verbandsliga West 2023-24"]
[Site "?"]
[Date "2024.02.04"]
[Round "6.5"]
[White "Schulten, Berthold"]
[Black "Hartl, Jan"]
[Result "1/2-1/2"]
[WhiteElo "1883"]
[BlackElo "1367"]
[PlyCount "77"]
[EventDate "2023.09.03"]
[EventType "team-tourn"]
[EventRounds "9"]
[EventCountry "GER"]
[WhiteTeam "PTSV Aachen 1"]
[BlackTeam "SK Kerpen 1"]

1. c4 f5 2. g3 Nf6 3. Bg2 g6 4. Nc3 e5 5. e3 Bg7 6. Nge2 d6 7. O-O Nc6 8. d3 Be6 9. Rb1 O-O 10. b4 Rb8 11. b5 Ne7 12. Bd2 g5 13. f4 h6 14. e4 fxe4 15. Nxe4 Nxe4 16. Bxe4 Bh3 17. Bg2 Bxg2 18. Kxg2 gxf4 19. gxf4 Nf5 20. Ng3 exf4 21. Nxf5 Rxf5 22. Bxf4 Qh4 23. Bg3 Qg5 24. Rxf5 Qxf5 25. Qf3 Rf8 26. Qxf5 Rxf5 27. Bf2 b6 28. Bg3 Kf7 29. Rf1 Rxf1 30. Kxf1 Ke6 31. h3 Be5 32. Bh4 Bf6 33. Bxf6 Kxf6 34. Kf2 Ke5 35. Ke3 Kf5 36. Kf3 Ke5 37. Ke3 Kf5 38. Kf3 Ke5 39. Ke3 1/2-1/2

[Event "SVM Verbandsliga West 2023-24"]
[Site "?"]
[Date "2024.03.03"]
[Round "7.1"]
[White "Huhndorf, Arnold"]
[Black "Whitmire, James David"]
[Result "1-0"]
[WhiteElo "2203"]
[BlackElo "1968"]
[PlyCount "55"]
[EventDate "2023.09.03"]
[EventType "team-tourn"]
[EventRounds "9"]
[EventCountry "GER"]
[WhiteTeam "Turm Bergheim 1"]
[BlackTeam "PTSV Aachen 1"]

1. Nf3 d5 2. g3 Nf6 3. Bg2 Bf5 4. c4 e6 5. cxd5 exd5 6. Qb3 Nc6 7. d3 Bb4+ 8. Bd2 Qe7 9. O-O O-O 10. Re1 a5 11. Nc3 d4 12. Nb5 a4 13. Qc2 Rfd8 14. Rac1 Be6 15. a3 Bxd2 16. Qxd2 Rd5 17. Rxc6 bxc6 18. Nbxd4 Bd7 19. Nc2 Ne4 20. Qe3 Rb5 21. Nb4 c5 22. Nd5 Qd6 23. dxe4 Rxb2 24. Nd2 Rxd2 25. Qxd2 c6 26. e5 Qxe5 27. Nb6 Rd8 28. Nxd7 1-0

[Event "SVM Verbandsliga West 2023-24"]
[Site "?"]
[Date "2024.03.03"]
[Round "7.2"]
[White "Esser, Thomas"]
[Black "Härtel, Stephan"]
[Result "1-0"]
[WhiteElo "2089"]
[BlackElo "1958"]
[PlyCount "75"]
[EventDate "2023.09.03"]
[EventType "team-tourn"]
[EventRounds "9"]
[EventCountry "GER"]
[WhiteTeam "PTSV Aachen 1"]
[BlackTeam "Turm Bergheim 1"]

1. d4 Nf6 2. Nf3 g6 3. c4 Bg7 4. Nc3 d5 5. Qb3 dxc4 6. Qxc4 c6 7. e4 O-O 8. Be2 b5 9. Qb3 a6 10. O-O Bb7 11. Rd1 Nbd7 12. e5 Ne8 13. e6 fxe6 14. Qxe6+ Kh8 15. Ng5 Nd6 16. Qb3 Rf6 17. Ne6 Qg8 18. Bg4 Nf5 19. Nxg7 Qxg7 20. d5 Ne5 21. Be2 c5 22. Ne4 Nd4 23. Rxd4 cxd4 24. Nxf6 Qxf6 25. a4 Rf8 26. f3 Qb6 27. Kh1 Qd6 28. axb5 Bxd5 29. Qa3 Qf6 30. Qxa6 e6 31. Bh6 Rd8 32. b6 g5 33. b7 Nc6 34. Rc1 Nb8 35. Qb6 Bxb7 36. Qxb7 Qxh6 37. Rc8 Qf8 38. Bd3 1-0

[Event "SVM Verbandsliga West 2023-24"]
[Site "?"]
[Date "2024.03.03"]
[Round "7.3"]
[White "Potrafke, Dirk"]
[Black "Müller, Norbert"]
[Result "1-0"]
[WhiteElo "1882"]
[BlackElo "2051"]
[PlyCount "73"]
[EventDate "2023.09.03"]
[EventType "team-tourn"]
[EventRounds "9"]
[EventCountry "GER"]
[WhiteTeam "Turm Bergheim 1"]
[BlackTeam "PTSV Aachen 1"]

1. d4 c5 2. d5 f5 3. Nc3 Nf6 4. h3 d6 5. g4 fxg4 6. e4 e5 7. Bg5 gxh3 8. Bxh3 Bxh3 9. Nxh3 Nbd7 10. Bxf6 Qxf6 11. Nb5 Qd8 12. Qg4 Qa5+ 13. Nc3 O-O-O 14. Ng5 Be7 15. Nf7 Bf6 16. Nxd6+ Kc7 17. Nf7 b5 18. Qe6 a6 19. Qc6+ Kb8 20. Nxh8 b4 21. Nf7 bxc3 22. b3 Qb4 23. Nd6 Be7 24. a3 Qb6 25. Qxb6+ Nxb6 26. Nf5 Bg5 27. Nxg7 c4 28. b4 Rg8 29. Nf5 h6 30. Ke2 Rg6 31. Rag1 Rf6 32. Ne3 Kc7 33. f3 Kd7 34. Ng4 Rf8 35. Nxe5+ Kd6 36. Ng4 Rh8 37. Nxh6 1-0

[Event "SVM Verbandsliga West 2023-24"]
[Site "?"]
[Date "2024.03.03"]
[Round "7.4"]
[White "Schulten, Berthold"]
[Black "Bergmann, Thomas"]
[Result "1-0"]
[WhiteElo "1883"]
[BlackElo "1815"]
[PlyCount "75"]
[EventDate "2023.09.03"]
[EventType "team-tourn"]
[EventRounds "9"]
[EventCountry "GER"]
[WhiteTeam "PTSV Aachen 1"]
[BlackTeam "Turm Bergheim 1"]

1. c4 c5 2. g3 Nc6 3. Bg2 g6 4. Nc3 Bg7 5. a3 Nf6 6. Rb1 a5 7. e3 O-O 8. Nge2 e5 9. d3 d6 10. O-O Be6 11. Nd5 Bxd5 12. cxd5 Ne7 13. Nc3 Qd7 14. b4 axb4 15. axb4 b6 16. Qb3 Rfb8 17. Bb2 Ne8 18. Ra1 Qc8 19. Rfb1 h6 20. h4 Rxa1 21. Rxa1 Ra8 22. Rxa8 Qxa8 23. bxc5 bxc5 24. Qb6 Qc8 25. Nb5 Qd7 26. Kh2 g5 27. hxg5 hxg5 28. e4 g4 29. Bc1 f5 30. Be3 Kh7 31. exf5 Kg8 32. Be4 Bf6 33. Kg2 Nxf5 34. Qc6 Nxe3+ 35. fxe3 Qe7 36. Bg6 Ng7 37. Nxd6 Qa7 38. Qc8+ 1-0

[Event "SVM Verbandsliga West 2023-24"]
[Site "?"]
[Date "2024.03.03"]
[Round "7.5"]
[White "Buller, Ivan"]
[Black "van Orsouw, Niclas"]
[Result "0-1"]
[WhiteElo "1867"]
[BlackElo "1871"]
[PlyCount "54"]
[EventDate "2023.09.03"]
[EventType "team-tourn"]
[EventRounds "9"]
[EventCountry "GER"]
[WhiteTeam "Turm Bergheim 1"]
[BlackTeam "PTSV Aachen 1"]

1. e4 c5 2. Nf3 Nc6 3. d4 cxd4 4. Nxd4 Nf6 5. Nc3 e5 6. Ndb5 d6 7. Bg5 a6 8. Na3 b5 9. Nd5 Be7 10. Bxf6 Bxf6 11. c4 bxc4 12. Bxc4 O-O 13. Nxf6+ Qxf6 14. Bd5 Bd7 15. Rc1 Rac8 16. O-O Nd4 17. Rxc8 Bxc8 18. Qd3 Ne6 19. Bxe6 Qxe6 20. b3 Bb7 21. Rd1 Rd8 22. Nc4 d5 23. Ne3 d4 24. f3 Rc8 25. Nc4 Bc6 26. a4 Bxa4 27. Nxe5 Bxb3 0-1

[Event "SVM Verbandsliga West 2023-24"]
[Site "?"]
[Date "2024.03.03"]
[Round "7.6"]
[White "Krohn, Malte Till"]
[Black "Lambertz, Walter"]
[Result "1-0"]
[WhiteElo "1864"]
[BlackElo "1807"]
[PlyCount "86"]
[EventDate "2023.09.03"]
[EventType "team-tourn"]
[EventRounds "9"]
[EventCountry "GER"]
[WhiteTeam "PTSV Aachen 1"]
[BlackTeam "Turm Bergheim 1"]

1. d4 Nf6 2. c4 g6 3. Nf3 Bg7 4. g3 d5 5. cxd5 Nxd5 6. Bg2 c6 7. O-O O-O 8. e4 Nb6 9. h3 N8d7 10. Nc3 Nf6 11. Qe2 Be6 12. b3 a5 13. Na4 Nxa4 14. bxa4 Nd7 15. Rb1 Nb6 16. Rd1 Nxa4 17. Qc2 b5 18. Ng5 Bc4 19. e5 Rc8 20. Ba3 h6 21. Ne4 Qd7 22. Kh2 Qe6 23. Rd2 f5 24. exf6 Bxf6 25. h4 Qf7 26. Re1 Rfd8 27. Nxf6+ Qxf6 28. Bxe7 Qf7 29. Bxd8 Rxd8 30. Bxc6 g5 31. hxg5 hxg5 32. Re5 Qh5+ 33. Kg2 Rf8 34. Rf5 Be6 35. Rxf8+ Kxf8 36. Re2 Qh3+ 37. Kg1 Bc4 38. Re8+ Kf7 39. Bg2 Qd7 40. Re5 Kf6 41. Qd2 Qg4 42. Bh3 Qxh3 43. Qxg5+ Kf7 1-0

[Event "SVM Verbandsliga West 2023-24"]
[Site "?"]
[Date "2024.03.03"]
[Round "7.7"]
[White "Potrafke, Lukas"]
[Black "Fournell, Udo"]
[Result "1/2-1/2"]
[WhiteElo "1728"]
[BlackElo "1788"]
[PlyCount "46"]
[EventDate "2023.09.03"]
[EventType "team-tourn"]
[EventRounds "9"]
[EventCountry "GER"]
[WhiteTeam "Turm Bergheim 1"]
[BlackTeam "PTSV Aachen 1"]

1. e4 c5 2. Nf3 Nc6 3. d4 cxd4 4. Nxd4 e5 5. Nb5 a6 6. Nd6+ Bxd6 7. Qxd6 Qf6 8. Qd1 Qg6 9. Nc3 Nf6 10. f3 d5 11. Nxd5 Nxd5 12. Qxd5 Be6 13. Qd2 Rd8 14. Bd3 O-O 15. O-O f5 16. exf5 Bxf5 17. Bxf5 Qxf5 18. Qf2 Nd4 19. c3 Nc2 20. Rb1 Na3 21. Ra1 Nc2 22. Rb1 Na3 23. Ra1 Nc2 1/2-1/2

[Event "SVM Verbandsliga West 2023-24"]
[Site "?"]
[Date "2024.03.03"]
[Round "7.8"]
[White "Münstermann, Peter"]
[Black "Freese, Carsten"]
[Result "0-1"]
[WhiteElo "1782"]
[BlackElo "1708"]
[PlyCount "40"]
[EventDate "2023.09.03"]
[EventType "team-tourn"]
[EventRounds "9"]
[EventCountry "GER"]
[WhiteTeam "PTSV Aachen 1"]
[BlackTeam "Turm Bergheim 1"]

1. d4 d5 2. Nf3 c6 3. c4 Nf6 4. Nc3 e6 5. Bg5 Nbd7 6. e3 Qa5 7. Be2 Ne4 8. O-O Nxg5 9. Nxg5 Be7 10. Nf3 O-O 11. e4 dxe4 12. Nxe4 Nf6 13. Qc2 Nd7 14. Rfd1 h6 15. Rd3 f5 16. Nc3 e5 17. dxe5 Nxe5 18. Nxe5 Qxe5 19. Re3 Qf6 20. f4 Bc5 0-1

[Event "SVM Verbandsliga West 2023-24"]
[Site "?"]
[Date "2024.03.03"]
[Round "7.1"]
[White "Pick, Max"]
[Black "Sautter, Joshua"]
[Result "0-1"]
[WhiteElo "1925"]
[BlackElo "2031"]
[PlyCount "60"]
[EventDate "2023.09.03"]
[EventType "team-tourn"]
[EventRounds "9"]
[EventCountry "GER"]
[WhiteTeam "SK Kerpen 1"]
[BlackTeam "SV Lendersdorf 1"]

1. d4 d5 2. Nf3 Nf6 3. c3 g6 4. Bf4 Bg7 5. e3 O-O 6. Bd3 Bg4 7. Nbd2 Nbd7 8. h3 Bxf3 9. gxf3 c5 10. e4 e5 11. Bg5 cxd4 12. exd5 dxc3 13. bxc3 Qa5 14. c4 Nc5 15. Qc2 e4 16. fxe4 Nfxe4 17. Bxe4 Nxe4 18. Qxe4 Rfe8 19. Be7 Bxa1 20. d6 Bf6 21. Ke2 Bxe7 22. dxe7 Qc5 23. Kf3 Rxe7 24. Qd5 Qa3+ 25. Kg2 Rae8 26. h4 Qxa2 27. h5 Re5 28. Qd4 Rg5+ 29. Kf1 Qc2 30. Ne4 Qb1+ 0-1

[Event "SVM Verbandsliga West 2023-24"]
[Site "?"]
[Date "2024.03.03"]
[Round "7.2"]
[White "Chraibi, Mohcine"]
[Black "Vogel, Heike"]
[Result "1/2-1/2"]
[WhiteElo "1996"]
[BlackElo "1996"]
[PlyCount "116"]
[EventDate "2023.09.03"]
[EventType "team-tourn"]
[EventRounds "9"]
[EventCountry "GER"]
[WhiteTeam "SV Lendersdorf 1"]
[BlackTeam "SK Kerpen 1"]

1. Nf3 c5 2. g3 Nc6 3. Bg2 d5 4. d4 Bf5 5. O-O Nf6 6. c4 e6 7. Qa4 Bd6 8. dxc5 Bxc5 9. cxd5 exd5 10. Ne5 O-O 11. Nxc6 bxc6 12. Bg5 Qd6 13. Nc3 Rfe8 14. Bxf6 Qxf6 15. e4 dxe4 16. Nxe4 Bxe4 17. Bxe4 Rad8 18. Bxh7+ Kh8 19. Qc2 Re5 20. Be4 Rde8 21. Bg2 Qg5 22. Bf3 R8e6 23. Rad1 Bb6 24. b4 Rh6 25. Qc4 Qf6 26. Qg4 g6 27. Qc8+ Kg7 28. Qxc6 Qf5 29. Bg2 Qh5 30. h3 Qg5 31. Kh2 Re2 32. Qc3+ Kh7 33. Qf3 Qe7 34. a4 Rh5 35. a5 Rf5 36. Qc6 Bxf2 37. Qd6 Qg5 38. Qb8 Rfe5 39. Rd8 Qxg3+ 40. Kh1 Kh6 41. Rh8+ Kg5 42. Qd8+ f6 43. h4+ Kg4 44. Qxf6 Qxg2+ 45. Kxg2 Bxh4+ 46. Kg1 Bxf6 47. Rxf6 Re1+ 48. Kg2 R1e2+ 49. Rf2 Rxf2+ 50. Kxf2 Rb5 51. Rh7 Rxb4 52. Rxa7 Ra4 53. a6 g5 54. Ra8 Ra2+ 55. Ke3 Kg3 56. a7 g4 57. Kd3 Kg2 58. Ke3 g3 {(=)} 1/2-1/2

[Event "SVM Verbandsliga West 2023-24"]
[Site "?"]
[Date "2024.03.03"]
[Round "7.3"]
[White "Schauff, Lutz"]
[Black "Voulon, Oliver"]
[Result "0-1"]
[WhiteElo "1974"]
[BlackElo "1950"]
[PlyCount "52"]
[EventDate "2023.09.03"]
[EventType "team-tourn"]
[EventRounds "9"]
[EventCountry "GER"]
[WhiteTeam "SK Kerpen 1"]
[BlackTeam "SV Lendersdorf 1"]

1. d4 Nf6 2. Nf3 d5 3. Bf4 e6 4. e3 Bd6 5. Nbd2 O-O 6. Bd3 b6 7. O-O c5 8. c3 Ba6 9. Bxa6 Nxa6 10. Ne5 b5 11. Qe2 Nc7 12. Bg5 a5 13. f4 Qe8 14. Bxf6 gxf6 15. Ng4 Qe7 16. Nh6+ Kh8 17. Qh5 f5 18. Rf3 f6 19. Rg3 b4 20. Rf1 Qe8 21. Qh4 bxc3 22. bxc3 Nb5 23. Rff3 Nxc3 24. Rh3 Ra7 25. g4 Rg7 26. Kf2 Qb5 0-1

[Event "SVM Verbandsliga West 2023-24"]
[Site "?"]
[Date "2024.03.03"]
[Round "7.4"]
[White "Hinz, Holger"]
[Black "Schmitz, Rolf"]
[Result "1/2-1/2"]
[WhiteElo "1939"]
[BlackElo "1955"]
[PlyCount "38"]
[EventDate "2023.09.03"]
[EventType "team-tourn"]
[EventRounds "9"]
[EventCountry "GER"]
[WhiteTeam "SV Lendersdorf 1"]
[BlackTeam "SK Kerpen 1"]

1. e4 c5 2. Nf3 e6 3. d3 d5 4. Nbd2 Nf6 5. g3 b6 6. Bg2 Bb7 7. Qe2 Be7 8. O-O O-O 9. e5 Nfd7 10. Re1 Nc6 11. Nf1 Rc8 12. h4 Re8 13. N1h2 f6 14. exf6 Bxf6 15. Bg5 Nf8 16. Bxf6 Qxf6 17. c3 Ba6 18. Ng4 Qf5 19. Nge5 Ng6 {(=)} 1/2-1/2

[Event "SVM Verbandsliga West 2023-24"]
[Site "?"]
[Date "2024.03.03"]
[Round "7.5"]
[White "Jakubczyk, Dietmar"]
[Black "Flatten, Arnold"]
[Result "0-1"]
[WhiteElo "1795"]
[BlackElo "2044"]
[PlyCount "67"]
[EventDate "2023.09.03"]
[EventType "team-tourn"]
[EventRounds "9"]
[EventCountry "GER"]
[WhiteTeam "SK Kerpen 1"]
[BlackTeam "SV Lendersdorf 1"]

1. Nf3 Nf6 2. g3 g6 3. Bg2 Bg7 4. d4 O-O 5. O-O c5 6. e3 d5 7. c3 Nc6 8. Nbd2 cxd4 9. exd4 Bg4 10. h3 Bf5 11. Re1 Re8 12. g4 Bc8 13. Nf1 h5 14. g5 Ne4 15. N1d2 f5 16. gxf6 exf6 17. Nh4 Kh7 18. Nxe4 dxe4 19. Bxe4 f5 20. Bxc6 Rxe1+ 21. Qxe1 bxc6 22. Nf3 c5 23. dxc5 Bf6 24. Bd2 Bb7 25. Qe3 Qd5 26. Qh6+ Kg8 27. Qxg6+ Bg7 28. Bh6 Qf7 29. Qxg7+ Qxg7+ 30. Bxg7 Bxf3 31. Bd4 Kf7 32. Re1 Rg8+ 33. Kh2 Rg2+ 34. Kh1 0-1